000 00838nam a2200277Ia 4500
003 OSt
005 20220928113921.0
006 a|||||r|||| 00| 0
007 ta
008 220927b |||||||| |||| 00| 0 eng d
020 _c155
024 _a114439
037 _b203, 25/01/2012, Classic Book Service
_cTextual
040 _aSDCL
_cSDCL
_beng
041 _2eng
_aeng
082 _aX7293:962.2'P, Q0
100 _aMuthuswamy
_9387386
245 0 _aSwamy's compilation of allotment and licence fee of government residences.
250 _a2
260 _aChennai
_bSwamy Publishers
_c2010
300 _aviii,150p
_ccm.
650 _aReference
700 _a Brinda
_9387387
942 _hX7293:962.2'P, Q0
_cTEXL
_2CC
999 _c751953
_d751953